Podnikateľský zámer malého a stredného podniku bakalárska práca

Gespeichert in:
Bibliographische Detailangaben
1. Verfasser: Režná, Daniela
Körperschaft: Fakulta podnikového manažmentu EU. Katedra podnikovohospodárska
Weitere Verfasser: Bartoš, Adam
Format: Buch
Sprache:Slowakisch
Veröffentlicht: Bratislava 2018
Tags: Tag hinzufügen
Keine Tags, Fügen Sie das erste Tag hinzu!

MARC

LEADER 00000nbm a2200000 4500
001 0244889
005 20181009112458.5
041 0 |a slo 
044 |a SK 
245 1 0 |a Podnikateľský zámer malého a stredného podniku  |b bakalárska práca  |c Daniela Režná ; školiteľ: Adam Bartoš 
264 1 |a Bratislava  |c 2018 
300 |a 63 s. 
100 1 |a Režná, Daniela 
700 1 |a Bartoš, Adam 
710 2 |a Fakulta podnikového manažmentu EU. Katedra podnikovohospodárska